000 01133cas a2200229 a 4500
003 DLC
005 20250627110615.0
008 250627c1979 enksr|p|r|||| 00| 0 spa d
022 _a0141-1926
035 _aUPN01000059650
040 _aMX-MxUPN
_bspa
_cMX-MxUPN
_eaacr2
245 0 0 _aBritish educational research journal
260 _aInglaterra :
_bCarfax,
_c1979-
310 _aQuincenal
510 0 _aEric
510 0 _aScopus
520 _aEs una publicación que sirve como referente fundamental para la publicación de investigaciones educativas internacionales. Se presenta lo mejor de la investigación educativa británica, a la vez que publicamos artículos escritos por y para investigadores en educación de todo el mundo. BERJ tiene un enfoque interdisciplinario e incluye informes de estudios de caso, experimentos y encuestas, análisis de cuestiones conceptuales y metodológicas, así como de los supuestos subyacentes en la investigación educativa, y análisis de investigaciones en curso.
653 0 _aInvestigación educativa
902 _aGloria Jiménez/270625
905 _aRevista
942 _cREV-I
999 _c59577
_d59577